|
|
|
|
| LEADER |
00000cam a22000002c 4500 |
| 001 |
1912620065 |
| 003 |
DE-627 |
| 005 |
20250116055022.0 |
| 007 |
cr uuu---uuuuu |
| 008 |
241217s2014 xx |||||o 00| ||eng c |
| 024 |
7 |
|
|a 10.2139/ssrn.2164778
|2 doi
|
| 035 |
|
|
|a (DE-627)1912620065
|
| 035 |
|
|
|a (DE-599)KXP1912620065
|
| 040 |
|
|
|a DE-627
|b ger
|c DE-627
|e rda
|
| 041 |
|
|
|a eng
|
| 084 |
|
|
|a 2,1
|2 ssgn
|
| 100 |
1 |
|
|a Chu, Yu-Wei L.
|e VerfasserIn
|4 aut
|
| 245 |
1 |
0 |
|a Medical Marijuana Laws and Illegal Marijuana Use
|
| 264 |
|
1 |
|a [Erscheinungsort nicht ermittelbar]
|b [Verlag nicht ermittelbar]
|c 2014
|
| 336 |
|
|
|a Text
|b txt
|2 rdacontent
|
| 337 |
|
|
|a Computermedien
|b c
|2 rdamedia
|
| 338 |
|
|
|a Online-Ressource
|b cr
|2 rdacarrier
|
| 787 |
0 |
8 |
|i Forschungsdaten
|a United States Department of Justice. Federal Bureau of Investigation
|t Uniform Crime Reporting Program Data (United States): Arrests by Age, Sex, and Race, 2008
|d [Erscheinungsort nicht ermittelbar] : [Verlag nicht ermittelbar], 2010
|w (DE-627)1840053836
|
| 787 |
0 |
8 |
|i Forschungsdaten
|a United States Department of Justice. Federal Bureau of Investigation
|t Uniform Crime Reporting Program Data (United States): Arrests by Age, Sex, and Race, 2007
|d [Erscheinungsort nicht ermittelbar] : [Verlag nicht ermittelbar], 2009
|w (DE-627)1840054859
|
| 787 |
0 |
8 |
|i Forschungsdaten
|a United States Department of Justice. Federal Bureau of Investigation
|t Uniform Crime Reporting Program Data (United States): Arrests by Age, Sex, and Race, 2006
|d [Erscheinungsort nicht ermittelbar] : [Verlag nicht ermittelbar], 2008
|w (DE-627)1840055685
|
| 787 |
0 |
8 |
|i Forschungsdaten
|a United States Department of Justice. Federal Bureau of Investigation
|t Uniform Crime Reporting Program Data (United States): Arrests by Age, Sex, and Race, 2005
|d [Erscheinungsort nicht ermittelbar] : [Verlag nicht ermittelbar], 2007
|w (DE-627)1840057122
|
| 787 |
0 |
8 |
|i Forschungsdaten
|a United States Department of Justice. Federal Bureau of Investigation
|t Uniform Crime Reporting Program Data (United States): Arrests by Age, Sex, and Race, 2004
|d [Erscheinungsort nicht ermittelbar] : [Verlag nicht ermittelbar], 2006
|w (DE-627)184005767X
|
| 787 |
0 |
8 |
|i Forschungsdaten
|a United States Department of Justice. Federal Bureau of Investigation
|t Uniform Crime Reporting Program Data (United States): Arrests by Age, Sex, and Race, 2003
|d [Erscheinungsort nicht ermittelbar] : [Verlag nicht ermittelbar], 2003
|w (DE-627)1840057521
|
| 787 |
0 |
8 |
|i Forschungsdaten
|a United States Department of Justice. Federal Bureau of Investigation
|t Uniform Crime Reporting Program Data (United States): Arrests by Age, Sex, and Race, 2002
|d [Erscheinungsort nicht ermittelbar] : [Verlag nicht ermittelbar], 2006
|w (DE-627)1840057513
|
| 787 |
0 |
8 |
|i Forschungsdaten
|a United States Department of Justice. Federal Bureau of Investigation
|t Uniform Crime Reporting Program Data (United States): Arrests by Age, Sex, and Race, 2001
|d [Erscheinungsort nicht ermittelbar] : [Verlag nicht ermittelbar], 2003
|w (DE-627)1840058560
|
| 787 |
0 |
8 |
|i Forschungsdaten
|a United States Department of Justice. Federal Bureau of Investigation
|t Uniform Crime Reporting Program Data (United States): Arrests by Age, Sex, and Race, 2000
|d [Erscheinungsort nicht ermittelbar] : [Verlag nicht ermittelbar], 2002
|w (DE-627)1840058390
|
| 787 |
0 |
8 |
|i Forschungsdaten
|a United States Department of Justice. Federal Bureau of Investigation
|t Uniform Crime Reporting Program Data (United States): Arrests by Age, Sex, and Race, 1999
|d [Erscheinungsort nicht ermittelbar] : [Verlag nicht ermittelbar], 2002
|w (DE-627)1840058374
|
| 787 |
0 |
8 |
|i Forschungsdaten
|a United States Department of Justice. Federal Bureau of Investigation
|t Uniform Crime Reporting Program Data (United States): Arrests by Age, Sex, and Race, 1998
|d [Erscheinungsort nicht ermittelbar] : [Verlag nicht ermittelbar], 2002
|w (DE-627)1840058382
|
| 856 |
4 |
0 |
|u https://doi.org/10.2139/ssrn.2164778
|x Resolving-System
|z kostenfrei
|3 Volltext
|7 0
|
| 856 |
4 |
0 |
|u https://ssrn.com/abstract=2164778
|x Verlag
|z lizenzpflichtig
|3 Volltext
|7 1
|
| 935 |
|
|
|a mkri
|
| 951 |
|
|
|a BO
|
| ELC |
|
|
|a 1
|
| LOK |
|
|
|0 000 xxxxxcx a22 zn 4500
|
| LOK |
|
|
|0 001 4637585589
|
| LOK |
|
|
|0 003 DE-627
|
| LOK |
|
|
|0 004 1912620065
|
| LOK |
|
|
|0 005 20241217044709
|
| LOK |
|
|
|0 008 241217||||||||||||||||ger|||||||
|
| LOK |
|
|
|0 035
|a (DE-2619)ICPSR128930
|
| LOK |
|
|
|0 040
|a DE-2619
|c DE-627
|d DE-2619
|
| LOK |
|
|
|0 092
|o n
|
| LOK |
|
|
|0 852
|a DE-2619
|
| LOK |
|
|
|0 852 1
|9 00
|
| LOK |
|
|
|0 935
|a nacp
|
| LOK |
|
|
|0 939
|a 17-12-24
|b l01
|
| OAS |
|
|
|a 1
|
| ORI |
|
|
|a SA-MARC-krimdoka001.raw
|